000 00757nam a2200253Ia 4500
003 OSt
005 20220926032729.0
006 a|||||r|||| 00| 0
007 ta
008 220923b |||||||| |||| 00| 0 eng d
020 _a4258560030
037 _cGeneral Book
040 _aRTL
_cRTL
_beng
041 _2eng
_aeng
082 _aX95, N9
100 _aKagami Mitsuhiro Ed.
245 0 _aPrivatization, deregulation and institutional fram
260 _aTokyo
_bInstitute of Developing Economies Japan
_c1999
300 _axviii, 354p.
_ccm.
650 _aPrivate Sector Economics
700 _a Tsuji Masatsugu Ed.
_9255995
942 _hX95, N9
_cGB
_2CC
999 _c655495
_d655495